| 000 | 01270nam a2200217 u 4500 | ||
|---|---|---|---|
| 001 | 000020254 | ||
| 005 | 20210112000628.0 | ||
| 008 | 100802s193u dr ac r 000 0 spa d | ||
| 040 |
_aDO-SdBNP _bspa _cBNPHU |
||
| 082 |
_axxxxx _bxxxx |
||
| 245 | 0 | 0 |
_aRepública Dominicana / _ccolaboradores Ramón Emilio Jiménez...[et al.] ; fotografías Quico Báez ; ilustraciones Marianela Jiménez de Ortega...[et al]. |
| 260 |
_a[Santo Domingo] : _b[s.d.], _c[193-]. |
||
| 300 |
_av : _bil., retrs. ; _c33 cm. |
||
| 490 | 0 | _aAmérica | |
| 500 | _aLa biblioteca solamente posee el tomo 11. | ||
| 505 | 0 |
_av. XI : _tHistoria -- _tEl suelo -- _tEl hombre _tLa República en cifras -- _tSistema tributario -- _tBancos -- _tCámara de comercio -- _tEducación -- _tCiudades y pueblos -- _tBellas artes -- _tArquitectura -- _tObras públicas -- _tFuerzas armadas -- _tPeriodismo -- _tDefensa del hombre -- _tLa mujer -- _tDeportes -- _tMúsica y folklore -- _tRadio y televisión -- _tNovelistas -- _tPartido dominicano -- _tLa iglesia -- _tLa frontera -- _tIndustria y comercio -- _tTransportes -- _tJusticia -- _tAntología poética -- |
|
| 700 | 1 |
_aJiménez, Ramón Emilio _918265 |
|
| 700 | 1 |
_aBáez, Quito _efot. _942870 |
|
| 700 | 1 |
_aJiménez de Ortega, Marianela _eil. _942871 |
|
| 830 | 0 |
_aAmérica _942872 |
|
| 999 |
_c19758 _d19758 |
||